000 00704cam a2200253 4500
001 2641876
003 ARRUPE
005 20240215121910.0
008 731003s1966 sa 000 0 eng
010 _a 66009597
040 _aDLC
_cDLC
_dDLC
043 _af-rh---
050 0 0 _aDT962.42
_b.R4
082 0 0 _a968.904
100 1 _aReed, Douglas,
_d1895-1976.
_98884
245 1 4 _aThe battle for Rhodesia.
_cDouglas Reed
250 _a[1st ed.]
260 _aCape Town,
_bHaum,
_c1966.
300 _a154 p.
_c22 cm.
651 0 _aZimbabwe
_xRace relations.
_98885
651 0 _aZimbabwe
_xPolitics and government.
906 _a7
_bcbc
_corignew
_du
_eocip
_f19
_gy-gencatlg
942 _2lcc
_cMONOGRAPH
999 _c131796
_d131796